00613 2200217 4500001002100000005001500021035002000036245007500056100002900131250001400160300004300174264004000217336002200257337002000279338002200299082000800321084001400329020001800343600002100361990001300382INLIS00000000000213320240815020651 a0010-08240002271 aFilsafat Manusia :bMemahami Manusia Melalui Filsafat /cZainal Abidin0 aZainal AbidinePengarang aCetakan 7 avii, 255 halaman :bIlustrasi ;c20 cm aBandung :bRemaja Rosdakarya,c2014 2rdacontentaCetak 2rdamediaaCetak 2rdacarrieraCetak a128 a128 ZAI f a979-692-006-9 4aFilsafat Manusia a24000059